000 00506nam a2200169 a 4500
001 1520
003 CO-ViMGA
008 141112s2004 ck r 000 u spa d
040 _aCO-ViMGA
_bspa
_cCO-ViMGA
082 0 4 _a959.05 S152
100 1 _aSanchez Cabrera, Efrain
_949924
245 1 0 _aRamón Torres Mendez :
_bpintor de la nueva granada 1809 - 1885
260 _aBogotá :
_bFondo Cultural Cafetero,
_c1987
300 _a240 p : il
650 1 4 _aPINTORES COLOMBIANOS SIGLO XIX
_949925
942 _2ddc
_cBK
999 _c13707
_d13707